Unraveling the Nagoya Protocol (Record no. 21098)

MARC details
000 -LEADER
fixed length control field 00772nam a2200121Ia 4500
008 - FIXED-LENGTH DATA ELEMENTS--GENERAL INFORMATION
fixed length control field 220616s9999||||xx |||||||||||||| ||und||
100 ## - MAIN ENTRY--PERSONAL NAME
Personal name Morgera, Elisa||Tsioumani, Elsa||Buck, Matthias
245 #0 - TITLE STATEMENT
Title Unraveling the Nagoya Protocol
Remainder of title A Commentary on the Nagoya Protocol on Access and Benefit-sharing to the Convention on Biological Diversity
546 ## - LANGUAGE NOTE
Language note English[eng]
650 ## - SUBJECT ADDED ENTRY--TOPICAL TERM
Topical term or geographic name entry element International environmental law||Biodiversity||Human rights||Indigenous peoples||International law||International Treaty on Plant Genetic Resources for Food and Agriculture||Nagoya Protocol||Traditional knowledge||United Nations||United Nations Environment Programme
856 ## - ELECTRONIC LOCATION AND ACCESS
Uniform Resource Identifier <a href="https://library.oapen.org/bitstream/20.500.12657/38174/4/9789004217188_webready_content_text.pdf">https://library.oapen.org/bitstream/20.500.12657/38174/4/9789004217188_webready_content_text.pdf</a>
942 ## - ADDED ENTRY ELEMENTS (KOHA)
Koha item type E-Books
Holdings
Withdrawn status Lost status Damaged status Not for loan Home library Current library Date acquired Total Checkouts Date last seen Price effective from Koha item type
        Kerala University of Digital Sciences, Innovation and Technology Knowledge Centre Kerala University of Digital Sciences, Innovation and Technology Knowledge Centre 16/06/2022   16/06/2022 16/06/2022 E-Books